Statistics for Top 15 CN Cartoons

Click here to take the quiz!

General Stats

  • This quiz has been taken 44 times
    (43 since last reset)
  • The average score is 4 of 15

Answer Stats

RatingCartoon% Correct
9.0Adventure time
69%
7.8Teen Titans
51%
8.2The amazing world of gumball
43%
7.2Ben 10
34%
7.9Dexter's Laboratory
31%
9.2Tom and jerry
29%
8.8Steven universe
26%
8.2Courage the cowardly dog
20%
8.5Samurai Jack
20%
7.9We bare bears
17%
8.9Clarence
14%
8.3Looney tunes
14%
7.4Ed Edd n Eddy
9%
8.8Oggy and the cockroaches
6%
7.7The grim adventures of Billy and mandy
6%

Score Distribution

Percentile by Number Answered

Percent of People with Each Score

Your Score History

You have not taken this quiz since the last reset